000 00475nam a2200169Ia 4500
003 OSt
005 20220902053731.0
008 211109s9999||||xx |||||||||||||| ||und||
040 _cSBCL
082 _a294.59212
_bNAM-V
100 _aNamboodiripad, O M C Narayanan
245 0 _aRIGVEDAM
_b BHASHA BHASHYAM VOL 5
260 _bDC Books
_aKottayam
_c1995
630 _xPOST GRADUATE REFERENCE
650 _aReligions of Indic origin
_vHinduism
_xvedasMalayalam
942 _cBOOK
999 _c51484
_d51484